La revolución bajtiniana : el pensamiento de Bajtín y la ideología contemporánea /
Uloženo v:
| Hlavní autor: | |
|---|---|
| Médium: | Kniha |
| Jazyk: | španělština |
| Vydáno: |
Madrid, España : Valencia, España :
Cátedra ; Universidad de Valencia,
1998, c1998
|
| Edice: | (Frónesis ;
16) |
| Témata: | |
| Tagy: |
Žádné tagy, Buďte první, kdo vytvoří štítek k tomuto záznamu!
|
MARC
| LEADER | 00000nam^a2200000^a^4500 | ||
|---|---|---|---|
| 001 | 000171758 | ||
| 005 | 20250521000000.0 | ||
| 009 | 20260310101355.518 | ||
| 020 | |a 84-376-1686-7 | ||
| 037 | |a Acervo ITESO - Biblioteca | ||
| 041 | |a ESP | ||
| 082 | |a 126. |b PON | ||
| 100 | |a Ponzio, Augusto |e (autor) | ||
| 245 | 1 | 3 | |a La revolución bajtiniana : |b el pensamiento de Bajtín y la ideología contemporánea / |c A. Ponzio ; ed., pref. y tr. por Mercedes Arriaga Flórez. |
| 264 | 4 | |a Madrid, España : |b Cátedra ; |a Valencia, España : |b Universidad de Valencia, |c 1998, c1998 | |
| 300 | |a 253 p. | ||
| 336 | |a texto |b txt |2 rdacontenido | ||
| 337 | |a sin mediación |b n |2 rdamedio | ||
| 338 | |a volumen |b nc |2 rdasoporte | ||
| 440 | 1 | |a (Frónesis ; |v 16) | |
| 500 | |a Traducción de: La rivoluzione bachtiniana. Il penseiro di Bachtin e l'ideologia contemporanea | ||
| 649 | |a XX | ||
| 650 | |a Filósofos Rusos | ||
| 650 | |a Lingüistas y Semiólogos Rusos | ||
| 650 | |a Diferencia y Otredad | ||
| 650 | |a Identidad Personal | ||
| 650 | |a Identidad Cultural - |z Europa | ||
| 650 | |a Semiótica y Literatura | ||
| 650 | |a Filosofía del Lenguaje | ||
| 650 | |a Lingüística | ||
| 650 | |a Fenomenología | ||
| 650 | |a Etica | ||
| 650 | |a Estética | ||
| 650 | |a Ideología | ||
| 650 | |a Antropología Filosófica | ||
| 650 | |a Filosofía del Siglo XX | ||
| 650 | |a Bajtin, Mijail M. | ||
| 910 | |a Fondo General | ||
| 920 | |a Impresos - Libros | ||
| 930 | |a Colección General | ||
| 905 | |a 101 | ||
| 901 | |a 0500109271 |b IT1 |c ACC |u 20250521 | ||
| 902 | |a https://opac.biblio.iteso.mx/vufind/Record/000171758 | ||